[Event "90th UKR-ch"]
[Site "Kharkiv UKR"]
[Date "2021.12.08"]
[Round "1"]
[White "Bakhmatskyi, Vladyslav"]
[Black "Volokytin, Andriy"]
[WhiteElo "2432"]
[BlackElo "2677"]
[Result "1/2-1/2"]
[EventDate "2021.12.08"]
[PlyCount "30"]

1. Nf3 c5 2. c4 Nf6 3. Nc3 d5 4. cxd5 Nxd5 5. e3 e6 6. Bc4 a6 7. O-O b5 8. Bxd5 exd5 9. d4 b4 10. Na4 c4 11. e4 Be7 12. exd5 Bb7 13. Qe2 Bxd5 14. Ne5 Nc6 15. Rd1 Na5 1/2-1/2

[Event "90th UKR-ch"]
[Site "Kharkiv UKR"]
[Date "2021.12.08"]
[Round "1"]
[White "Kryvoruchko, Yuriy"]
[Black "Shevchenko, Kirill"]
[WhiteElo "2685"]
[BlackElo "2655"]
[Result "1/2-1/2"]
[EventDate "2021.12.08"]
[PlyCount "118"]

1. e4 c5 2. Nf3 d6 3. Bb5+ Bd7 4. c4 Nc6 5. d4 cxd4 6. Nxd4 Nf6 7. Nc3 g6 8. Be3 Ng4 9. Nxc6 bxc6 10. Bxc6 Nxe3 11. Bxd7+ Qxd7 12. fxe3 Bg7 13. Rc1 O-O 14. b3 e6 15. O-O Qc6 16. Qd3 Qc5 17. Na4 Qb4 18. Rfd1 Rfd8 19. Qd2 Qb7 20. c5 Qxe4 21. cxd6 Bh6 22. Rc3 Rac8 23. Qd3 Qe5 24. Rxc8 Rxc8 25. e4 Rd8 26. d7 Bf8 27. g3 h5 28. Nc3 Bb4 29. Ne2 Bc5+ 30. Kg2 Rxd7 31. Qxd7 Qxe4+ 32. Kh3 Qg4+ 33. Kg2 Qxe2+ 34. Kh3 Qg4+ 35. Kg2 h4 36. Qd8+ Kg7 37. Qd3 h3+ 38. Kf1 Be3 39. Ke1 Qf3 40. Qf1 Qe4 41. Rd3 Bg5+ 42. Kd1 Qg2 43. Qf3 e5 44. g4 Qxa2 45. Rd7 Bf4 46. Qxh3 Qa1+ 47. Ke2 e4 48. Rd8 Qa6+ 49. Kd1 Qa1+ 50. Ke2 Qb2+ 51. Kf1 Qc1+ 52. Ke2 Qc2+ 53. Kf1 Qb1+ 54. Ke2 Qa2+ 55. Kf1 Qa6+ 56. Kg2 Qe2+ 57. Kh1 Qe1+ 58. Kg2 Qe2+ 59. Kh1 Qe1+ 1/2-1/2

[Event "90th UKR-ch"]
[Site "Kharkiv UKR"]
[Date "2021.12.08"]
[Round "1"]
[White "Kuzubov, Yuriy"]
[Black "Moiseenko, Olexandr"]
[WhiteElo "2652"]
[BlackElo "2597"]
[Result "1/2-1/2"]
[EventDate "2021.12.08"]
[PlyCount "65"]

1. d4 Nf6 2. c4 e6 3. Nf3 b6 4. g3 Bb7 5. Bg2 Be7 6. Nc3 O-O 7. Qc2 c5 8. d5 exd5 9. Ng5 Nc6 10. Nxd5 g6 11. Nxe7+ Qxe7 12. Qd1 Na5 13. Bxb7 Nxb7 14. O-O Rfd8 15. e4 h6 16. Nh3 Qxe4 17. Bxh6 d5 18. Ng5 Qf5 19. h3 Ne4 20. g4 Qf6 21. Qc1 Rd7 22. cxd5 Re8 23. Nxe4 Rxe4 24. Re1 Rxe1+ 25. Qxe1 Rxd5 26. Qe8+ Kh7 27. g5 Qf3 28. Qf8 Rd1+ 29. Rxd1 Qxd1+ 30. Kg2 Qd5+ 31. Kg1 Qd1+ 32. Kg2 Qd5+ 33. Kg1 1/2-1/2

[Event "90th UKR-ch"]
[Site "Kharkiv UKR"]
[Date "2021.12.08"]
[Round "1"]
[White "Omelia, Artem"]
[Black "Vysochin, Spartak"]
[WhiteElo "2509"]
[BlackElo "2505"]
[Result "1/2-1/2"]
[EventDate "2021.12.08"]
[PlyCount "91"]

1. Nf3 d5 2. e3 Nf6 3. c4 e6 4. b3 b6 5. Bb2 Bb7 6. Nc3 Nbd7 7. Rc1 a6 8. cxd5 exd5 9. d4 Bd6 10. g3 O-O 11. Bg2 Qe7 12. O-O Rfe8 13. Re1 Ne4 14. Re2 Rad8 15. Rec2 c5 16. dxc5 Ndxc5 17. b4 Nxc3 18. Bxc3 Ne6 19. a3 g6 20. Nd4 Ng5 21. Bb2 Ne4 22. Nc6 Bxc6 23. Rxc6 Be5 24. Bxe5 Qxe5 25. Qd4 Qxd4 26. exd4 Rb8 27. h4 Kg7 28. Bf3 a5 29. b5 Red8 30. a4 Nd6 31. Bg4 h5 32. Bh3 Kf8 33. R1c2 Ne8 34. Kg2 Rd6 35. Kf3 Rbd8 36. Kf4 Ke7 37. Ke5 Rxc6 38. Rxc6 f6+ 39. Kf4 Rd6 40. Rc1 Rd8 41. Bf1 Ng7 42. Bd3 Ne6+ 43. Ke3 f5 44. Bf1 Rd7 45. Bg2 Rc7 46. Rxc7+ 1/2-1/2

[Event "90th UKR-ch"]
[Site "Kharkiv UKR"]
[Date "2021.12.08"]
[Round "1"]
[White "Onyshchuk, Volodymyr"]
[Black "Kravtsiv, Martyn"]
[WhiteElo "2620"]
[BlackElo "2604"]
[Result "1-0"]
[EventDate "2021.12.08"]
[PlyCount "95"]

1. e4 e6 2. d3 d5 3. Nd2 g6 4. g3 Bg7 5. Bg2 Ne7 6. Ngf3 Nbc6 7. O-O O-O 8. Re1 e5 9. c3 dxe4 10. dxe4 a5 11. Qc2 b6 12. b3 Ba6 13. Ba3 Na7 14. Nc4 Bxc4 15. bxc4 c5 16. h4 Nac8 17. Rad1 Qc7 18. Bc1 Nd6 19. h5 Rfd8 20. h6 Bh8 21. Qe2 Ne8 22. Bg5 Rxd1 23. Rxd1 Rd8 24. Rb1 Bf6 25. Be3 Nc8 26. Nh2 Be7 27. f4 Nf6 28. Bf3 Bf8 29. fxe5 Qxe5 30. Bf4 Qxc3 31. e5 Ne8 32. e6 f6 33. e7 Bxe7 34. Bd5+ Rxd5 35. Qe6+ Kf8 36. cxd5 g5 37. Be3 Qd3 38. Rf1 Ncd6 39. Ng4 Nc7 40. Rxf6+ Bxf6 41. Qxf6+ Nf7 42. Qg7+ Ke8 43. Qg8+ Ke7 44. Bxg5+ Nxg5 45. Qxg5+ Ke8 46. Nf6+ Ke7 47. Qg7+ Kd6 48. Qd7+ 1-0

[Event "90th UKR-ch"]
[Site "Kharkiv UKR"]
[Date "2021.12.09"]
[Round "2"]
[White "Bakhmatskyi, Vladyslav"]
[Black "Onyshchuk, Volodymyr"]
[WhiteElo "2432"]
[BlackElo "2620"]
[Result "1/2-1/2"]
[EventDate "2021.12.08"]
[PlyCount "59"]

1. d4 Nf6 2. c4 g6 3. Nc3 Bg7 4. e4 d6 5. Be2 O-O 6. h4 c5 7. d5 b5 8. cxb5 a6 9. a4 axb5 10. Bxb5 Na6 11. Nge2 Nc7 12. Bd3 h5 13. Rb1 Ng4 14. b4 cxb4 15. Rxb4 Na6 16. Rb1 Nc5 17. Bb5 f5 18. f3 fxe4 19. fxg4 Bxg4 20. Qd2 Nd3+ 21. Bxd3 exd3 22. Qxd3 Bf5 23. Qb5 Qc7 24. Qc6 Qxc6 25. dxc6 Bxb1 26. Nxb1 Rxa4 27. Bg5 Rc4 28. Rh3 Rxc6 29. Bxe7 Re8 30. Bg5 1/2-1/2

[Event "90th UKR-ch"]
[Site "Kharkiv UKR"]
[Date "2021.12.09"]
[Round "2"]
[White "Kravtsiv, Martyn"]
[Black "Kryvoruchko, Yuriy"]
[WhiteElo "2604"]
[BlackElo "2685"]
[Result "1/2-1/2"]
[EventDate "2021.12.08"]
[PlyCount "27"]

1. d4 Nf6 2. Bf4 e6 3. Nf3 b6 4. e3 Be7 5. h3 O-O 6. Nbd2 Bb7 7. Bd3 c5 8. c3 d5 9. O-O Nbd7 10. Ne5 Ne4 11. Nxe4 dxe4 12. Bb5 Nxe5 13. Bxe5 a6 14. Be2 1/2-1/2

[Event "90th UKR-ch"]
[Site "Kharkiv UKR"]
[Date "2021.12.09"]
[Round "2"]
[White "Shevchenko, Kirill"]
[Black "Omelia, Artem"]
[WhiteElo "2655"]
[BlackElo "2509"]
[Result "1/2-1/2"]
[EventDate "2021.12.08"]
[PlyCount "75"]

1. e4 e5 2. Nf3 Nc6 3. Bb5 a6 4. Ba4 Nf6 5. Nc3 b5 6. Bb3 Be7 7. d3 d6 8. a3 O-O 9. O-O Nb8 10. Ng5 h6 11. f4 exf4 12. Nf3 Be6 13. Nd4 Bxb3 14. cxb3 d5 15. Nf5 dxe4 16. Bxf4 Nc6 17. Nxe4 Nd4 18. Neg3 Re8 19. Kh1 Bf8 20. Rc1 c5 21. b4 Nxf5 22. Nxf5 Qd5 23. Ne3 Qd4 24. Nf5 Qd5 25. Bd2 Re6 26. bxc5 Bxc5 27. Bc3 Rae8 28. Nxh6+ gxh6 29. Rxf6 Re2 30. Qf1 Bd4 31. Rf5 Qd7 32. h3 Bxc3 33. bxc3 Qxd3 34. Rxf7 Qd2 35. Kh2 Rxg2+ 36. Qxg2+ Qxg2+ 37. Kxg2 Kxf7 38. c4 1/2-1/2

[Event "90th UKR-ch"]
[Site "Kharkiv UKR"]
[Date "2021.12.09"]
[Round "2"]
[White "Volokytin, Andriy"]
[Black "Moiseenko, Olexandr"]
[WhiteElo "2677"]
[BlackElo "2597"]
[Result "1/2-1/2"]
[EventDate "2021.12.08"]
[PlyCount "62"]

1. e4 c5 2. Nf3 g6 3. d4 cxd4 4. Nxd4 Nc6 5. c4 Nf6 6. Nc3 Nxd4 7. Qxd4 d6 8. Be3 Bg7 9. f3 O-O 10. Qd2 Be6 11. Rc1 Qa5 12. b3 Rfc8 13. Bd3 a6 14. Na4 Qxd2+ 15. Kxd2 Nd7 16. f4 f5 17. Rhe1 Re8 18. c5 fxe4 19. Bxe4 d5 20. Bf3 Bf7 21. c6 bxc6 22. Rxc6 e5 23. Rd6 Rad8 24. Nb6 d4 25. Rxd7 dxe3+ 26. Rxe3 Rxd7+ 27. Nxd7 exf4 28. Rxe8+ Bxe8 29. Bd5+ Kh8 30. Nb8 a5 31. Nc6 Bxc6 1/2-1/2

[Event "90th UKR-ch"]
[Site "Kharkiv UKR"]
[Date "2021.12.09"]
[Round "2"]
[White "Vysochin, Spartak"]
[Black "Kuzubov, Yuriy"]
[WhiteElo "2505"]
[BlackElo "2652"]
[Result "1/2-1/2"]
[EventDate "2021.12.08"]
[PlyCount "33"]

1. e4 e5 2. Nf3 Nf6 3. d4 Nxe4 4. Bd3 d5 5. Nxe5 Nd7 6. Nc3 Nxe5 7. dxe5 Nxc3 8. bxc3 Bc5 9. O-O O-O 10. Qh5 g6 11. Qh6 Re8 12. Bg5 Bf8 13. Bxd8 Bxh6 14. Bxc7 Bf5 15. Rfd1 Bxd3 16. Rxd3 Rac8 17. Bd6 1/2-1/2

[Event "90th UKR-ch"]
[Site "Kharkiv UKR"]
[Date "2012.12.10"]
[Round "3"]
[White "Kryvoruchko, Yuriy"]
[Black "Bakhmatskyi, Vladyslav"]
[WhiteElo "2685"]
[BlackElo "2432"]
[Result "1-0"]
[EventDate "2021.12.08"]
[PlyCount "159"]

1. e4 e5 2. Nf3 Nf6 3. Nxe5 d6 4. Nf3 Nxe4 5. d4 d5 6. Bd3 Bd6 7. O-O O-O 8. c4 c6 9. Nc3 Nxc3 10. bxc3 dxc4 11. Bxc4 Bf5 12. Bg5 Qa5 13. Nh4 Be6 14. Bxe6 Qxg5 15. Nf3 Qa5 16. Bb3 Nd7 17. Qd3 Rad8 18. g3 Be7 19. Rae1 Bf6 20. Qe3 c5 21. h4 Nb6 22. dxc5 Nd5 23. Qe4 Qxc5 24. Ng5 g6 25. Nxf7 Rxf7 26. Rd1 Kg7 27. Rxd5 Rxd5 28. Qxd5 Qxd5 29. Bxd5 Re7 30. Rc1 Re2 31. Bb3 Rd2 32. Re1 Rd3 33. Re8 Rxc3 34. Rg8+ Kh6 35. Rf8 Bd4 36. Kg2 Rc7 37. g4 Kg7 38. Rg8+ Kf6 39. f4 h5 40. Rd8 Bb6 41. Rd6+ Kg7 42. g5 Re7 43. Rd3 Kf8 44. Kf3 Re1 45. Bd5 Rf1+ 46. Kg3 Rg1+ 47. Bg2 Re1 48. Rd6 Re3+ 49. Bf3 Kf7 50. Kg2 Bc7 51. Rf6+ Kg7 52. Bxb7 Re2+ 53. Kf3 Rxa2 54. Be4 Ra3+ 55. Ke2 Ra4 56. Kd3 Kh8 57. Rf7 Bd6 58. Rf6 Bc7 59. Rxg6 Bxf4 60. Rh6+ Kg8 61. Rxh5 Ra3+ 62. Kc2 Rh3 63. g6 Re3 64. Bd3 Re5 65. Rh7 Rc5+ 66. Kb3 Rc7 67. Bc4+ Kf8 68. Rh5 Kg7 69. Bd3 Bg3 70. Be4 Re7 71. Bf5 Rc7 72. Bd3 Kg8 73. Bc4+ Kg7 74. Bf7 Kf8 75. Rg5 Rxf7 76. gxf7 Bxh4 77. Rf5 a5 78. Kc4 Be7 79. Kd5 a4 80. Ke6 1-0

[Event "90th UKR-ch"]
[Site "Kharkiv UKR"]
[Date "2012.12.10"]
[Round "3"]
[White "Kuzubov, Yuriy"]
[Black "Shevchenko, Kirill"]
[WhiteElo "2652"]
[BlackElo "2655"]
[Result "1/2-1/2"]
[EventDate "2021.12.08"]
[PlyCount "89"]

1. d4 Nf6 2. Nf3 g6 3. Nbd2 Bg7 4. e4 d6 5. Bd3 O-O 6. O-O c5 7. d5 e6 8. c4 Na6 9. Re1 Nc7 10. h3 Rb8 11. Rb1 b5 12. b3 Nh5 13. Nf1 e5 14. Bg5 Qd7 15. b4 cxb4 16. cxb5 a5 17. bxa6 Bxa6 18. Rc1 Ra8 19. Rc6 Nf4 20. Bxa6 Nxa6 21. Qc2 Rfc8 22. Rb1 h6 23. Bxf4 exf4 24. Qc4 Rxc6 25. dxc6 Qc7 26. a3 b3 27. Rxb3 Nc5 28. Rb5 Qxc6 29. e5 Rc8 30. exd6 Qxd6 31. Rb1 Ra8 32. Rc1 Nd3 33. Rd1 Rxa3 34. Ne1 Qc5 35. Qxc5 Nxc5 36. Nd2 Ra2 37. Ndf3 Ne4 38. Rd8+ Kh7 39. Rd7 f5 40. Nd3 Ra1+ 41. Kh2 g5 42. Nd4 Kg6 43. Ne6 Bc3 44. Nf8+ Kf6 45. Nh7+ 1/2-1/2

[Event "90th UKR-ch"]
[Site "Kharkiv UKR"]
[Date "2012.12.10"]
[Round "3"]
[White "Moiseenko, Olexandr"]
[Black "Vysochin, Spartak"]
[WhiteElo "2597"]
[BlackElo "2505"]
[Result "1/2-1/2"]
[EventDate "2021.12.08"]
[PlyCount "55"]

1. d4 d5 2. c4 e6 3. Nf3 Nf6 4. Nc3 c5 5. cxd5 cxd4 6. Qxd4 exd5 7. Bg5 Be7 8. e3 O-O 9. Rd1 Nc6 10. Qa4 Be6 11. Be2 h6 12. Bh4 Qb6 13. Qb5 Qxb5 14. Bxb5 Rfd8 15. O-O Rac8 16. Ne2 g5 17. Bg3 Ne4 18. Nfd4 Nxd4 19. Nxd4 Bf6 20. Ba4 Nxg3 21. hxg3 Rc4 22. Bb3 Rb4 23. Rd2 Rc8 24. Rfd1 a5 25. a3 Rb6 26. Ba2 Rc5 27. Re2 Be5 28. Nxe6 1/2-1/2

[Event "90th UKR-ch"]
[Site "Kharkiv UKR"]
[Date "2012.12.10"]
[Round "3"]
[White "Omelia, Artem"]
[Black "Kravtsiv, Martyn"]
[WhiteElo "2509"]
[BlackElo "2604"]
[Result "1-0"]
[EventDate "2021.12.08"]
[PlyCount "157"]

1. d4 Nf6 2. c4 e6 3. Nf3 d5 4. e3 Be7 5. Nc3 O-O 6. Bd3 dxc4 7. Bxc4 c5 8. O-O cxd4 9. exd4 Nc6 10. a3 b6 11. Qd3 Bb7 12. Ba2 Qc8 13. Rd1 Rd8 14. Qe2 Nd5 15. Nxd5 exd5 16. Bf4 Qf5 17. Bg3 Bf6 18. Ne5 Rac8 19. h3 Bxe5 20. dxe5 Ne7 21. Rd2 Re8 22. Rad1 Rc5 23. Kh2 Qc8 24. f4 Ba6 25. Qf3 Bb7 26. Bf2 Rc1 27. Rxc1 Qxc1 28. Qd1 Qxd1 29. Rxd1 Rc8 30. Rd2 Rc1 31. g4 f6 32. exf6 gxf6 33. f5 Kf7 34. Bg3 h5 35. Bd6 hxg4 36. hxg4 a5 37. Bb3 Bc6 38. Re2 Nc8 39. Bf4 Rb1 40. Rd2 b5 41. Ba2 Re1 42. Rc2 Ne7 43. Bd6 Bd7 44. Bxe7 Kxe7 45. Bxd5 b4 46. axb4 axb4 47. Rd2 Be8 48. Kg3 Rg1+ 49. Kf4 Bb5 50. Bf3 Rf1 51. Ke3 Re1+ 52. Kf2 Rc1 53. Bd1 Bc4 54. Ke3 Bf7 55. Be2 Rb1 56. Kd4 Kd6 57. Bc4 Bxc4 58. Kxc4+ Ke5 59. Kxb4 Rg1 60. Rf2 Rxg4+ 61. Kc5 Rg8 62. b4 Rc8+ 63. Kb5 Rb8+ 64. Kc4 Rc8+ 65. Kb3 Rb8 66. Rf1 Ke4 67. Ka4 Ra8+ 68. Kb5 Rb8+ 69. Kc5 Rc8+ 70. Kd6 Rb8 71. Ke6 Rb6+ 72. Kf7 Ke5 73. Kg6 Rxb4 74. Re1+ Kf4 75. Re6 Rb8 76. Ra6 Rg8+ 77. Kxf6 Rf8+ 78. Kg6 Rg8+ 79. Kf7 1-0

[Event "90th UKR-ch"]
[Site "Kharkiv UKR"]
[Date "2012.12.10"]
[Round "3"]
[White "Onyshchuk, Volodymyr"]
[Black "Volokytin, Andriy"]
[WhiteElo "2620"]
[BlackElo "2677"]
[Result "1/2-1/2"]
[EventDate "2021.12.08"]
[PlyCount "41"]

1. e4 c5 2. Nf3 d6 3. d4 cxd4 4. Nxd4 Nf6 5. Nc3 a6 6. Be2 e5 7. Nb3 Be7 8. Bg5 Be6 9. Bxf6 Bxf6 10. Qd3 Be7 11. Nd5 Nd7 12. Rd1 Bxd5 13. Qxd5 b5 14. O-O O-O 15. c3 Qc7 16. Nd2 Rad8 17. Qb3 g6 18. Rfe1 Nc5 19. Qc2 d5 20. exd5 Rxd5 21. Nf1 1/2-1/2

[Event "90th UKR-ch"]
[Site "Kharkiv UKR"]
[Date "2021.12.11"]
[Round "4"]
[White "Bakhmatskyi, Vladyslav"]
[Black "Omelia, Artem"]
[WhiteElo "2432"]
[BlackElo "2509"]
[Result "1/2-1/2"]
[EventDate "2021.12.08"]
[PlyCount "35"]

1. e4 e5 2. Nf3 Nc6 3. Bc4 Bc5 4. O-O Nf6 5. d3 d6 6. c3 h6 7. Re1 O-O 8. Nbd2 Bb6 9. Bb3 Ne7 10. Nc4 Ng6 11. Nxb6 axb6 12. h3 Be6 13. Bc2 b5 14. d4 c5 15. a3 b6 16. Be3 Bd7 17. b4 Qc7 18. Qd2 1/2-1/2

[Event "90th UKR-ch"]
[Site "Kharkiv UKR"]
[Date "2021.12.11"]
[Round "4"]
[White "Kravtsiv, Martyn"]
[Black "Kuzubov, Yuriy"]
[WhiteElo "2604"]
[BlackElo "2652"]
[Result "1/2-1/2"]
[EventDate "2021.12.08"]
[PlyCount "42"]

1. e4 e5 2. d4 exd4 3. Nf3 Bc5 4. Bc4 Nf6 5. e5 d5 6. exf6 dxc4 7. Qe2+ Be6 8. fxg7 Rg8 9. Bg5 Be7 10. Bxe7 Kxe7 11. Qe4 Nc6 12. Qxh7 Qd5 13. Nbd2 f6 14. O-O-O c3 15. Nb3 cxb2+ 16. Kxb2 Kf7 17. Nfxd4 Rxg7 18. Qh4 Rg4 19. Qh7+ Rg7 20. Qh4 Rg4 21. Qh7+ Rg7 1/2-1/2

[Event "90th UKR-ch"]
[Site "Kharkiv UKR"]
[Date "2021.12.11"]
[Round "4"]
[White "Onyshchuk, Volodymyr"]
[Black "Kryvoruchko, Yuriy"]
[WhiteElo "2620"]
[BlackElo "2685"]
[Result "0-1"]
[EventDate "2021.12.08"]
[PlyCount "66"]

1. e4 e5 2. Nf3 Nc6 3. Bb5 Nf6 4. d3 Bc5 5. Nbd2 O-O 6. c3 d6 7. O-O a6 8. Ba4 Ba7 9. h3 Nh5 10. Re1 f5 11. exf5 Bxf5 12. g4 Bxd3 13. gxh5 d5 14. Bxc6 bxc6 15. Rxe5 Qf6 16. Qe1 Be4 17. Rxe4 dxe4 18. Qxe4 Rae8 19. Qc4+ Kh8 20. Kg2 Qd6 21. Ne4 Qd1 22. Nfg5 Qd5 23. Qxd5 cxd5 24. Nd2 Rxf2+ 25. Kg3 Ree2 26. Ndf3 Kg8 27. Nh4 Rf1 28. Kg4 Rg1+ 29. Kf4 c6 30. Kf5 Ree1 31. Ngf3 Rxc1 32. Rxc1 Rxc1 33. Ne5 d4 0-1

[Event "90th UKR-ch"]
[Site "Kharkiv UKR"]
[Date "2021.12.11"]
[Round "4"]
[White "Shevchenko, Kirill"]
[Black "Moiseenko, Olexandr"]
[WhiteElo "2655"]
[BlackElo "2597"]
[Result "1-0"]
[EventDate "2021.12.08"]
[PlyCount "97"]

1. c4 c5 2. Nf3 g6 3. g3 Bg7 4. Bg2 Nc6 5. Nc3 e5 6. d3 d6 7. O-O Nge7 8. a3 O-O 9. Rb1 a5 10. Bd2 h6 11. Ne1 Be6 12. Nd5 Rb8 13. b4 axb4 14. axb4 cxb4 15. Nxe7+ Nxe7 16. Bxb4 Qd7 17. Ba3 Rfd8 18. Rb5 Nc6 19. Nc2 Na7 20. Rb6 Nc8 21. Rb5 Na7 22. Rb6 Nc8 23. Rb4 d5 24. cxd5 Bxd5 25. Bxd5 Qxd5 26. Ne3 Qd7 27. Qb3 b5 28. Bb2 Ne7 29. Rb1 Nc6 30. Rxb5 Na5 31. Rxb8 Nxb3 32. Rxb3 h5 33. h4 f5 34. Nc4 Qe8 35. Rb7 Bh8 36. Ba3 f4 37. R1b6 Rd7 38. Rb8 Rd8 39. R8b7 Rd7 40. Rb8 Rd8 41. Bd6 Bf6 42. Bc7 fxg3 43. Bxd8 gxf2+ 44. Kf1 Bxd8 45. Rd6 Qa4 46. Rdxd8+ Kg7 47. Rb7+ Kf6 48. Rd6+ Kf5 49. Ne3+ 1-0

[Event "90th UKR-ch"]
[Site "Kharkiv UKR"]
[Date "2021.12.11"]
[Round "4"]
[White "Volokytin, Andriy"]
[Black "Vysochin, Spartak"]
[WhiteElo "2677"]
[BlackElo "2505"]
[Result "1/2-1/2"]
[EventDate "2021.12.08"]
[PlyCount "83"]

1. e4 c6 2. d4 d5 3. e5 Bf5 4. Nf3 e6 5. Be2 Nd7 6. O-O a6 7. a4 h6 8. a5 Ne7 9. b4 g5 10. Ne1 Bg7 11. f4 gxf4 12. Nd3 Ng6 13. Nxf4 Nxf4 14. Bxf4 O-O 15. Qd2 f6 16. Bxh6 fxe5 17. Ra3 Qh4 18. Bxg7 Kxg7 19. Rg3+ Bg6 20. dxe5 Rxf1+ 21. Bxf1 Nxe5 22. Qe3 Qf6 23. Nd2 Rh8 24. Nf3 Rh5 25. h3 Nxf3+ 26. Rxf3 Rf5 27. Rxf5 Bxf5 28. Qa7 Qf7 29. Bd3 Bxd3 30. Qd4+ Kh6 31. cxd3 Qf5 32. Qe3+ Kh7 33. g4 Qf8 34. Qc5 Qf3 35. Qe7+ Kh8 36. Qd8+ Kg7 37. Qc7+ Kf6 38. Qd8+ Kf7 39. Qd7+ Kf6 40. Qd8+ Kf7 41. Qd7+ Kf6 42. Qd8+ 1/2-1/2

[Event "90th UKR-ch"]
[Site "Kharkiv UKR"]
[Date "2021.12.13"]
[Round "5"]
[White "Kryvoruchko, Yuriy"]
[Black "Volokytin, Andriy"]
[WhiteElo "2685"]
[BlackElo "2677"]
[Result "0-1"]
[EventDate "2021.12.08"]
[PlyCount "80"]

1. e4 c5 2. Nf3 e6 3. c3 Nf6 4. e5 Nd5 5. d4 cxd4 6. cxd4 d6 7. Bc4 Be7 8. O-O O-O 9. Qe2 Bd7 10. Rd1 Bc6 11. Bxd5 Bxd5 12. Nc3 dxe5 13. Nxd5 Qxd5 14. dxe5 Qa5 15. Bd2 Qa4 16. Bc3 Nc6 17. Rd7 Rab8 18. b3 Qa3 19. Bb2 Qb4 20. Nd4 Rfd8 21. Nxc6 bxc6 22. Rad1 Rxd7 23. Rxd7 Rd8 24. Rxd8+ Bxd8 25. g3 Bb6 26. h4 h5 27. Bc1 Bd4 28. Be3 c5 29. Qf3 g6 30. Bxd4 cxd4 31. Qf6 Qa5 32. Kf1 d3 33. Qg5 Qc3 34. g4 Qd4 35. Ke1 Qc3+ 36. Kf1 Qd4 37. Ke1 Qb4+ 38. Kd1 Qc3 39. Qe3 Qa1+ 40. Kd2 Qxa2+ 0-1

[Event "90th UKR-ch"]
[Site "Kharkiv UKR"]
[Date "2021.12.13"]
[Round "5"]
[White "Kuzubov, Yuriy"]
[Black "Bakhmatskyi, Vladyslav"]
[WhiteElo "2652"]
[BlackElo "2432"]
[Result "1/2-1/2"]
[EventDate "2021.12.08"]
[PlyCount "141"]

1. c4 e6 2. d4 Nf6 3. Nf3 d5 4. Nc3 Be7 5. Bg5 h6 6. Bxf6 Bxf6 7. Qb3 dxc4 8. Qxc4 b6 9. g3 O-O 10. Bg2 Bb7 11. O-O Qe7 12. Rfd1 c5 13. d5 exd5 14. Nxd5 Bxd5 15. Qxd5 Na6 16. Qc4 Nc7 17. Nh4 b5 18. Qg4 Rae8 19. Rd7 Qe5 20. Nf5 g6 21. Ne3 Rd8 22. Rad1 Rxd7 23. Rxd7 Rd8 24. Rxd8+ Bxd8 25. Qd7 Qe7 26. Qc8 Qd6 27. h4 h5 28. b3 Kg7 29. Qb7 Qb6 30. Qxb6 axb6 31. Bc6 Kf6 32. Nc2 b4 33. Kf1 Ke5 34. e3 Kd6 35. Be4 Bf6 36. Bd3 b5 37. e4 Bc3 38. f4 Kc6 39. e5 Ne6 40. Be4+ Kd7 41. Ne3 Nc7 42. Ke2 Bd4 43. Nc2 Ne6 44. Bd5 Ke7 45. Bb7 Bg1 46. Kf1 Bd4 47. Bc6 Bc3 48. Ne3 Nd4 49. Bd5 Bd2 50. Nd1 Nf5 51. Kf2 Bc3 52. Kf3 Be1 53. Be4 Nxg3 54. Bd3 Nf5 55. Ne3 Nd4+ 56. Ke4 Bxh4 57. Nd5+ Kd7 58. Nxb4 Be1 59. Nd5 h4 60. Bf1 Bf2 61. Nf6+ Ke7 62. Nd5+ Kd7 63. Nf6+ Kd8 64. Nh7 Ke7 65. Ng5 Be1 66. Nf3 Nxf3 67. Kxf3 b4 68. Kg4 f6 69. exf6+ Kxf6 70. Bd3 Bd2 71. Kxh4 1/2-1/2

[Event "90th UKR-ch"]
[Site "Kharkiv UKR"]
[Date "2021.12.13"]
[Round "5"]
[White "Moiseenko, Olexandr"]
[Black "Kravtsiv, Martyn"]
[WhiteElo "2597"]
[BlackElo "2604"]
[Result "1/2-1/2"]
[EventDate "2021.12.08"]
[PlyCount "134"]

1. d4 Nf6 2. c4 e6 3. Nc3 Bb4 4. e3 d5 5. Bd3 O-O 6. Nf3 dxc4 7. Bxc4 c5 8. O-O cxd4 9. exd4 b6 10. Qe2 Bb7 11. Rd1 Bxc3 12. bxc3 Qc7 13. Bd3 Qxc3 14. Bb2 Qc7 15. d5 Bxd5 16. Ng5 Nbd7 17. Nxh7 Rfc8 18. Nxf6+ Nxf6 19. Qe3 Ng4 20. Qh3 f5 21. Qh4 Qf4 22. Qg3 Qxg3 23. hxg3 Rc5 24. a4 Bb3 25. Re1 Rd8 26. Be2 Rc2 27. Ba3 Rdd2 28. Bd1 Rxf2 29. Bxc2 Rxc2 30. Rac1 Ra2 31. Ra1 Rd2 32. Bb4 Rd4 33. Ra3 Rxb4 34. Rb1 Rxa4 35. Rbxb3 Rd4 36. Rd3 Rb4 37. Rdb3 Rxb3 38. Rxb3 Nf6 39. g4 Kf7 40. gxf5 exf5 41. Kf2 Ke6 42. Ke3 Ke5 43. Rb5+ Nd5+ 44. Kd3 a6 45. Rb1 Nf4+ 46. Kd2 Nd5 47. Kd3 g5 48. g3 b5 49. Re1+ Kd6 50. Rh1 f4 51. Kd4 Nc7 52. gxf4 gxf4 53. Ke4 Ne6 54. Ra1 Nc5+ 55. Kxf4 Kd5 56. Ke3 Kc4 57. Rc1+ Kb4 58. Rb1+ Ka3 59. Kd4 Na4 60. Ra1+ Kb3 61. Rh1 Nc3 62. Ra1 Na4 63. Rh1 a5 64. Rh3+ Kb4 65. Kd3 Nb6 66. Kc2 a4 67. Kb2 Nc4+ 1/2-1/2

[Event "90th UKR-ch"]
[Site "Kharkiv UKR"]
[Date "2021.12.13"]
[Round "5"]
[White "Omelia, Artem"]
[Black "Onyshchuk, Volodymyr"]
[WhiteElo "2509"]
[BlackElo "2620"]
[Result "0-1"]
[EventDate "2021.12.08"]
[PlyCount "74"]

1. d4 d6 2. e4 g6 3. Nc3 Bg7 4. Be3 a6 5. a4 b6 6. h4 h6 7. Qd2 Bb7 8. f3 Nd7 9. Nge2 e6 10. Nd1 Ne7 11. Nf2 d5 12. e5 Nf5 13. h5 g5 14. Ng4 f6 15. exf6 Nxf6 16. Ne5 O-O 17. Bf2 Nd7 18. Ng6 Rf7 19. c3 e5 20. dxe5 Nxe5 21. Nd4 Nxg6 22. hxg6 Re7+ 23. Kd1 Nd6 24. Qc2 c5 25. Nf5 Nxf5 26. Qxf5 Qd6 27. Be2 Rae8 28. Re1 Bc8 29. Qd3 g4 30. Bf1 Rxe1+ 31. Bxe1 Kh8 32. b3 gxf3 33. gxf3 Qh2 34. Bd2 Qf2 35. Kc2 d4 36. cxd4 Bxd4 37. Rd1 Re3 0-1

[Event "90th UKR-ch"]
[Site "Kharkiv UKR"]
[Date "2021.12.13"]
[Round "5"]
[White "Vysochin, Spartak"]
[Black "Shevchenko, Kirill"]
[WhiteElo "2505"]
[BlackElo "2655"]
[Result "1-0"]
[EventDate "2021.12.08"]
[PlyCount "141"]

1. e4 e5 2. Nf3 Nc6 3. Bc4 Nf6 4. d3 Bc5 5. O-O d6 6. c3 a6 7. b4 Ba7 8. a4 h6 9. Nbd2 O-O 10. Re1 Ne7 11. Nf1 Ng6 12. Be3 Re8 13. Bxa7 Rxa7 14. Qb3 Be6 15. Bxe6 Rxe6 16. Ne3 Ra8 17. a5 Qd7 18. c4 Ree8 19. Reb1 Nf4 20. g3 Nh3+ 21. Kg2 g6 22. b5 Kg7 23. bxa6 bxa6 24. Qa4 Qc8 25. Qc6 Nf4+ 26. gxf4 exf4 27. h3 fxe3 28. fxe3 Re6 29. Qb7 Qd8 30. Ra2 Nd7 31. Qd5 Rc8 32. Rf2 Nf6 33. Qd4 Kg8 34. Rbf1 Nd7 35. Kh1 Rb8 36. Qc3 c5 37. Nh2 Ne5 38. d4 Nd7 39. Rxf7 Nf6 40. d5 Kxf7 41. Ng4 Re5 42. Nxe5+ dxe5 43. Qxe5 Rb7 44. Qe6+ Kg7 45. Qxa6 Rb3 46. Qe6 Rxe3 47. e5 Nh5 48. Rf7+ Kh8 49. Qe7 Qxe7 50. Rxe7 Ng3+ 51. Kg1 Nf5 52. Rb7 Ra3 53. d6 Ra1+ 54. Kf2 Ra2+ 55. Ke1 Ra1+ 56. Kd2 Ra2+ 57. Kc3 Rxa5 58. Rb8+ Kg7 59. d7 Ra3+ 60. Kb2 Rd3 61. d8=Q Rxd8 62. Rxd8 Kf7 63. Rc8 Ke6 64. Rxc5 g5 65. Kc3 h5 66. Kd3 g4 67. hxg4 hxg4 68. Ke4 Ne7 69. Ra5 g3 70. Ra6+ Kd7 71. Ra3 1-0

[Event "90th UKR-ch"]
[Site "Kharkiv UKR"]
[Date "2021.12.14"]
[Round "6"]
[White "Bakhmatskyi, Vladyslav"]
[Black "Moiseenko, Olexandr"]
[WhiteElo "2432"]
[BlackElo "2597"]
[Result "0-1"]
[EventDate "2021.12.08"]
[PlyCount "78"]

1. e4 c5 2. Nf3 Nc6 3. d4 cxd4 4. Nxd4 Nf6 5. Nc3 e5 6. Ndb5 d6 7. Nd5 Nxd5 8. exd5 Nb8 9. a4 Be7 10. Be2 O-O 11. O-O Nd7 12. Bd2 a6 13. Na3 f5 14. a5 f4 15. Nc4 Rf6 16. Re1 Rh6 17. Ra3 Rb8 18. Bb4 Nf6 19. Bf3 Bf5 20. Nd2 Rc8 21. Bc3 Qd7 22. Ne4 Nxe4 23. Bxe4 Rf8 24. Bd2 Bh4 25. Rb3 Bg4 26. Bf3 Bf5 27. Be4 Rf7 28. Qe2 Rg6 29. Qc4 Bxe4 30. Qxe4 f3 31. Qxh4 Rg4 32. Qh5 Rxg2+ 33. Kf1 g6 34. Qh4 Rg4 35. Rxb7 Rxh4 36. Rxd7 Rxd7 37. Re3 Rf7 38. Kg1 Rff4 39. Kh1 Rd4 0-1